Представление документа в формате RUSMARC

ПолеНазваниеЗначение
  Тип записи a
  Библиографический уровень m
001 Контрольный номер 9703c1a64c5841e0af07f8a981ea8213
005 Дата корректировки 20150303144831.5
010 Индекс ISBN __
d Цена 357,00
101 Язык документа 0_
a Язык текста rus
102 Страна публикации __
a Страна публикации RU
200 Заглавие и сведения об ответственности 1_
a Заглавие О сотоянии потребительского рынка в Республике Мордовия
b Общее обозначение материала Текст
e Сведения, относящиеся к заглавию Аналитическая записка № 612
f Первые сведения об ответственности Мордовиястат; [редкол.: И.В.Парамонова]
210 Выходные данные 1_
a Место издания Саранск
d Дата издания 2014
215 Физическое описание __
a Объем 28с.
610 Ключевые слова 0_
a Ключевые слова потребительский рынок
a Ключевые слова розничная торговля
686 Индексы других классификаций __
a Классификационный индекс 65.051
801 Источник записи _0
a Страна RU
b Организация РУК
g Правила каталогизации PSBO
801 Источник записи _1
a Страна RU
b Организация РУК
g Правила каталогизации PSBO
852 Данные о местонахождении __
i Авторский знак О11
j Шифр хранения 65.051
b Сигла хранения ЧЗ_1
t Номер экземпляра 1
p Инвентарный номер 150647
901 Тип документа __
t Тип документа m
937 Технологическая информация __
a Создатель записи (имя) Носкова
938 Служебная информация __
a Название организации Саранский филиал
952 Тип литературы __
c Вид литературы учебное пособие